Представление документа в формате RUSMARC

ПолеНазваниеЗначение
  Тип записи a
  Библиографический уровень m
001 Контрольный номер RU/SLIB/B/208725576
005 Дата корректировки 20201206204004.2
010 Индекс ISBN __
d Цена 0-50
101 Язык документа __
a Язык текста rus
200 Заглавие и сведения об ответственности __
a Заглавие История одного убийства
e Сведения, относящиеся к заглавию повесть-хроника
b Общее обозначение материала Текст
210 Выходные данные __
a Место издания М.
c Издательство АПН
d Дата издания 1980
215 Физическое описание __
a Объем 134 с., портр.
c Иллюстрации/тип воспроизводства ил
225 Серия __
a Серия Библиотечка АПН
600 Персоналии __
a Персоналии (Фамилия) Кинг М.Л.
606 Тематические рубрики __
a Основная рубрика История
z Хронологическая подрубрика 1968 г.; 20 в.
y Географическая подрубрика США; Америка
606 Тематические рубрики __
a Основная рубрика История Америки в целом
610 Ключевые слова __
a Ключевые слова политики; политические деятели; убийства; повести-хроники
686 Индексы других классификаций __
a Классификационный индекс 63.3(7Сое)-8
700 Автор __
a Фамилия Боровик
b Имя Г. А.
4 Код отношения 070
801 Источник записи _0
a Страна RU
b Организация Муниципальное бюджетное учреждение культуры "Централизованная библиотечная система" г. Сургут (Центральная городская библиотека им. А. С. Пушкина)
g Правила каталогизации КиК/Лебедева
801 Источник записи _1
a Страна RU
b Организация Муниципальное бюджетное учреждение культуры "Централизованная библиотечная система" г. Сургут (Центральная городская библиотека им. А. С. Пушкина)
g Правила каталогизации КиК/Лебедева
852 Данные о местонахождении __
j Шифр хранения 63.3(7Сое)-8
c Каталожный индекс 63.3(7Сое)-8
i Авторский знак Б 83
p Инвентарный номер 5110
901 Тип документа __
t Тип документа m
990 Данные о заказе (DOS) __
j Количество экземпляров (DOS) 1